000 03683cam a2200325 i 4500
001 991107285427906196
005 20250320164417.0
008 230701t20232023fr a b 000 1 fre
010 _a 2023431889
020 _a9782818058268
_q(paperback)
029 1 _aAU@
_b000075210506
035 _a(OCoLC)1395539313
035 _a(OCoLC)on1395539313
040 _aDLC
_beng
_erda
_cDLC
_dTOH
_dAUXAM
_dQGK
_dQGJ
_dC3L
_dERASP
_dFUG
_dEEM
_dIAD
_dEYM
_dCUS
_dWTV
_dOCLCF
_dTJC
_dOCLCO
042 _apcc
050 0 0 _aPQ2719.I56
_bT75 2023
100 _aSinno, Neige,
_d1977-
_eauthor.
_4aut
245 1 0 _aTriste tigre
_c/ Neige Sinno.
264 1 _aParis :
_bP.O.L,
_c[2023]
300 _a283 pages, 1 unnumbered page :
_billustrations ;
_c21 cm
504 _aIncludes bibliographical references (pages 279-282).
520 _a​"Triste Tigre" est un roman autobiographique de Neige Sinno, publié en 2023 aux Éditions P.O.L. Dans ce récit, l'auteure revient sur les viols répétés que son beau-père lui a fait subir durant son enfance, de l'âge de 7 à 14 ans. Le livre est également une réflexion approfondie sur la nature du mal et sur la capacité de la littérature à exprimer l'indicible. ​ Neige Sinno analyse ces événements traumatisants en adoptant différents points de vue, y compris celui de son agresseur, et en interrogeant la représentation du viol dans la littérature. Elle engage une relecture critique d'œuvres telles que "Lolita" de Vladimir Nabokov, ainsi que des textes de Virginia Woolf, Toni Morrison, Christine Angot et Virginie Despentes. ​ Le titre "Triste Tigre" fait référence au roman "Trois tristes tigres" de Guillermo Cabrera Infante, évoquant l'exil et la marginalisation, thèmes qui résonnent avec l'expérience de l'auteure. ​ Ce livre a été largement salué par la critique et a reçu plusieurs distinctions, dont le prix Femina, le prix Goncourt des lycéens et le prix littéraire du Monde en 2023. ​ En septembre 2024, "Triste Tigre" a été publié en Espagne par les éditions Anagrama, suscitant un vif intérêt pour sa représentation brute et honnête de l'abus infantile. ​
520 _aTriste Tigre is an autobiographical novel by Neige Sinno, published in 2023 by Éditions P.O.L. In this account, the author revisits the repeated sexual abuse inflicted on her by her stepfather during her childhood, from the age of 7 to 14. The book is also an in-depth reflection on the nature of evil and the ability of literature to express the unspeakable. Neige Sinno analyses these traumatic events by adopting different perspectives, including that of her aggressor, and by questioning the representation of rape in literature. She critically re-examines works such as Lolita by Vladimir Nabokov, as well as texts by Virginia Woolf, Toni Morrison, Christine Angot, and Virginie Despentes. The title Triste Tigre refers to the novel *Tres tristes tigres* by Guillermo Cabrera Infante, evoking exile and marginalisation—themes that resonate with the author's experience. This book has been widely praised by critics and has received several accolades, including the Prix Femina, the Prix Goncourt des Lycéens, and the *Prix littéraire du Monde* in 2023. In September 2024, Triste Tigre was published in Spain by Anagrama, generating strong interest for its raw and honest portrayal of child abuse.
600 0 _aSinno, Neige,
_d1977-
650 0 _aRape victims
_vFiction.
650 0 _aAuthors, French
_y20th century
_vBiography
_923671
655 0 _aAutobiographical fiction
_923158
942 _2lcc
949 _aPQ2719.I66 Z46 2023Y
_c1
_i31761112014907
_mROBARTS
_lSTACKS
_tBOOK
999 _c4547
_d4547